[Event "FIDE World Cup"]
[Site "Baku"]
[Date "2015.09.18"]
[Round "3.2"]
[White "Giri, Anish"]
[Black "Leko, Peter"]
[Result "1-0"]
[WhiteElo "2793"]
[BlackElo "2707"]
[Annotator "Stohl,I"]
[PlyCount "91"]
[EventDate "2015.09.11"]
[EventType "k.o."]
[EventRounds "7"]
[EventCountry "AZE"]
[SourceTitle "CBM 169"]
[Source "ChessBase"]
[SourceDate "2015.11.10"]
[SourceVersion "1"]
[SourceVersionDate "2015.11.10"]
[SourceQuality "1"]

1. d4 Nf6 2. c4 e6 3. g3 d5 4. Bg2 Be7 5. Nf3 O-O 6. O-O dxc4 7. Qc2 a6 8. a4 (
{The once ubiquitous} 8. Qxc4 b5 9. Qc2 Bb7 10. Bd2 {is losing its adherents
nowadays. After} Bd6 $5 11. Nh4 ({More usual and testing is} 11. Re1 Be4 12.
Qc1 Bb7 13. Bg5 {Dominguez Perez,L (2713)-Alekseev,E (2700) Havana 2010 See
the notes to this game in CBM 137.}) ({or} 11. Ng5 $5) 11... Bxg2 12. Kxg2 Qc8
(12... Nbd7 13. Ba5 Qc8 14. Qc6 e5 15. e3 exd4 16. exd4 Rb8 17. Nd2 Nb6 18.
Rac1 Re8 19. Rfe1 g6 20. Rxe8+ Qxe8 21. Qxe8+ Nxe8 22. Rc6 Kf8 23. Nhf3 $14 {
Gupta,A (2662)-Alekseev,E (2691) New Delhi 2012}) 13. Rc1 (13. e4 Qb7 14. Re1
Nbd7 15. Nf3 Be7 16. Bg5 c5 $1 17. d5 $6 (17. e5 Nd5 18. Bxe7 Nxe7 19. dxc5
Rfc8 $11) 17... c4 18. Nbd2 Bb4 19. dxe6 fxe6 20. b3 Ng4 (20... c3 $5) 21. bxc4
Nde5 $36 22. Nxe5 Rxf2+ 23. Kg1 Qa7 24. Nxg4 Rxd2+ 25. Be3 Rxc2 26. Bxa7 Bxe1 {
0-1, Mamedyarov,S (2735)-Zhigalko,S (2654) Kocaeli 2015}) 13... Qb7+ 14. Nf3
Rc8 15. a4 bxa4 16. Rxa4 Nbd7 17. Qc6 Rcb8 (17... Qxb2 $5 $13 {Sumets}) 18. Na3
Ne4 19. Qxb7 Rxb7 20. Nc4 Bf8 21. Be3 c5 22. Nfe5 (22. Ra2 $142) (22. Nce5 $5)
22... cxd4 23. Nxd7 dxe3 24. Nxf8 Kxf8 $11 {Caruana,F (2786)-Karjakin,S (2775)
Tashkent 2012/ For more details see the notes to this game in CBM 152 by
Sumets.}) 8... Bd7 9. Qxc4 Bc6 10. Bg5 ({Currently more popular than the
alternative} 10. Bf4 Bd6 {and now:} 11. Bg5 (11. Qc1 $5 Bxf4 $5 (11... Nbd7 12.
Nc3 b5 $5 13. Ne5 Bxg2 14. Kxg2 Qc8 15. axb5 Qb7+ 16. f3 axb5 17. Rxa8 Rxa8 18.
Rd1 c6 19. Nxd7 Qxd7 20. Bg5 Nd5 21. Ne4 Bf8 22. Nc5 Qa7 23. e4 Nb6 24. b3 Nd7
$11 {Donchenko,A (2567)-Fridman,D (2639) Dresden 2015}) (11... a5 12. Nc3 (12.
Bd2 Nbd7 13. Rd1 Qe8 14. Bc3 Ne4 15. Nfd2 f5 16. Nxe4 fxe4 17. Be1 Qh5 18. Nc3
Nf6 19. h3 Rf7 20. e3 Raf8 $132 {Giri,A (2752)-Kramnik,V (2783) Stavanger 2014.
For more details see the notes to this game in CBM 161 by Marin.}) 12... Na6
13. Rd1 (13. Bg5 h6 14. Bh4 Bxf3 15. Bxf6 Qxf6 16. Bxf3 c6 17. Rd1 Rad8 18. Kg2
Bc7 19. e3 Qe7 20. Qc2 Nb4 21. Qb3 Rd7 22. Rac1 Rfd8 23. Ne4 Bb6 24. Nd2 Bc7
25. Ne4 Bb6 26. Nc3 Kh8 27. h4 f5 28. h5 Bc7 29. Na2 e5 $132 {Fridman,D (2600)
-Boruchovsky,A (2472) Warsaw 2013}) 13... Nb4 14. Be5 (14. Bg5 $5) 14... Nbd5 (
14... Nfd5 15. e4 Nb6 $132) 15. Qb1 Nxc3 16. bxc3 Nd5 (16... Ne4 $5 $13) 17.
Qb3 Nb6 18. c4 Bb4 19. d5 exd5 20. cxd5 Bxd5 21. Qc2 Bd6 22. Rab1 Bxe5 23. Nxe5
Qe7 24. Bxd5 Qxe5 25. Bxb7 $36 {Monroy,C (2436)-Egorov,K (2190) Vienna 2015})
12. Qxf4 Qd6 {seems simpler and quite adequate.} 13. Nc3 (13. Qxd6 cxd6 14.
Nbd2 Bxf3 15. Bxf3 d5 16. Rfc1 Nc6 17. e3 {Nowak,I (2330)-Bielavsky,J Warsaw
1979} Nb4 $11) 13... Qxf4 14. gxf4 a5 $11 {/+/=}) 11... Nbd7 12. Nc3 h6 13.
Bxf6 Nxf6 14. a5 (14. Nd2 Bxg2 15. Kxg2 a5 (15... c5 $5 $11) 16. Nde4 Nxe4 17.
Nxe4 Bb4 18. Rac1 c6 19. Nc5 Bxc5 20. Qxc5 Qc7 21. Rfd1 {1/2, Kuzubov,Y (2638)
-So,W (2779) Kocaeli 2015}) 14... Qe7 15. Nh4 Bxg2 16. Kxg2 Rfd8 17. e4 Bb4 18.
e5 Nd5 19. Nf5 Qd7 20. Ne3 Bxc3 21. bxc3 Qb5 22. Qxb5 axb5 23. Rfc1 c5 24. Nxd5
Rxd5 25. Rcb1 cxd4 26. cxd4 Rc8 27. Rb4 Rc4 $11 {Adams,M (2738)-Anand,V (2797)
Baden Baden 2015}) 10... Bd5 11. Qc2 Be4 12. Qd1 (12. Qc1 {prevents c5 for the
time being and seems to pose more opening problems. The most notable recent
example is} h6 13. Bxf6 Bxf6 14. Rd1 a5 15. Nbd2 Bh7 $5 16. Nb3 c6 17. Qc3 Be7
18. Nc5 Qc7 19. Ne5 Na6 20. Nxb7 $5 Qxb7 21. Bxc6 Qc7 $2 (21... Qa7 $1 22. Bxa8
Bb4 $14 {/~~}) 22. Bxa8 Qxc3 23. bxc3 Rxa8 24. Nc6 Bd8 25. Nxd8 Rxd8 26. f3 Rc8
27. Ra3 Bg6 28. Kf2 Rb8 29. Rd2 f6 30. Raa2 Rb3 31. Rab2 Rxc3 32. Rb5 $16 {
Eljanov,P (2717)-Nakamura,H (2814) WCup Baku 2015}) 12... c5 (12... h6 13. Bxf6
Bxf6 14. Nc3 (14. Nbd2 Bxf3 (14... Bh7 $5 $132) 15. Nxf3 Nd7 16. Qb3 Rb8 17.
Rfd1 c6 18. a5 Qc7 19. e4 Rfd8 20. Bf1 Nf8 21. h4 Rd7 22. Bc4 Rbd8 23. e5 Be7
24. Kg2 h5 25. Rd3 $14 {Kozul,Z (2576)-Shariyazdanov,A (2592) Sibenik 2005})
14... Bh7 $5 (14... Bxf3 15. Bxf3 c6 16. e3 a5 17. Rc1 Na6 18. h4 Nb4 19. Be4
Nd5 20. Bb1 Nxc3 21. bxc3 e5 22. f4 exd4 23. Qd3 Re8 24. exd4 Kf8 25. Rce1 g6
26. h5 gxh5 27. Qf5 $14 {Prohaszka,P (2508)-Szabo,K (2510) Szombathely 2008})
15. Qb3 (15. e4 Nc6 16. e5 Be7 17. d5 exd5 18. Nxd5 Be4 19. Nxe7+ Qxe7 20. Re1
Rad8 21. Qc1 Bd5 22. Qc3 Rfe8 23. Rac1 Rd7 24. Bh3 Be6 25. Bxe6 Qxe6 26. b4
Red8 27. Qc4 Rd3 $15 {Bachmann,A (2589)-Lysyj,I (2661) Iasi 2014}) 15... Nc6
16. e3 (16. Rfd1 Na5 17. Qa2 Qe7 18. Qa3 Qxa3 19. Rxa3 Rfd8 20. e3 c5 21. Ne2
e5 $17 {Baumegger,S (2205)-Wells,P (2530) Oberwart 1995}) 16... Na5 17. Qa3 Be7
18. Qa2 Nc6 19. Qc4 (19. Rfd1 $142 $5) 19... Na5 20. Qe2 c5 21. d5 exd5 $2 (
21... c4 $13) (21... Qb6 $5) 22. Rad1 d4 23. exd4 c4 24. Ne5 $36 {Bogdanovich,
S (2590)-Wojtaszek,R (2734) Berlin rpd 2015}) 13. dxc5 Bxc5 14. Nbd2 (14. Qxd8
Rxd8 15. Nbd2 Bc6 {was the move order in Nakamura-Anand, we will get to this
game yet by transposition.}) 14... Bc6 15. Ne5 ({Leko must have been well
prepared for the more usual continuation} 15. Nb3 Be7 $5 (15... Bb4 16. Ne5 $14
) 16. Qxd8 Rxd8 {and we are back in Nakamura-Anand:} 17. Na5 h6 18. Be3 Nd5 ({
Black did well in email games after} 18... Bd5 $5 19. Ne5 Nbd7 20. Nd3 e5 21.
Rfd1 (21. Nxb7 Bxg2 22. Kxg2 Rdb8 23. Na5 e4 24. Nc6 exd3 25. Nxe7+ (25. Nxb8
dxe2 26. Rfe1 Rxb8 $15) 25... Kf8 26. Nf5 dxe2 27. Rfe1 Rxb2 28. Bc1 Rc2 29.
Ne3 Rc7 30. Rxe2 Re8 31. h3 Nb6 32. Ba3+ {1/2, Pereverzev,A (2373)-Bykov,E 
(2199) email 2006}) 21... Bxg2 22. Kxg2 Rdc8 23. b3 Nd5 (23... Rc3 24. Rac1
Rxc1 25. Nxc1 b6 26. Nc6 Bf8 27. Nd3 $14 {Lohmann,H (2554)-Nowak,I (2367) ICCF
email 2007}) 24. Nc4 Nc3 25. Rd2 Nxa4 26. Rxa4 b5 27. Ncxe5 Nxe5 28. Re4 Nc6
29. Nf4 Bf8 30. Nd5 Rd8 31. Bb6 Rd6 32. Bc5 Rdd8 33. Bxf8 Kxf8 34. b4 a5 $11 {
Marquardt,G (2270)-Schilling,F (2331) email 2007}) 19. Bd2 Nb6 20. Bf4 Nd5 21.
Ne5 g5 (21... Nxf4 $142 $5 22. gxf4 Bxg2 23. Kxg2 Nd7 $11) 22. Bd2 Bf6 23. Nd3
(23. Nexc6 $5 Nxc6 24. Nxc6 bxc6 25. Rab1 Rab8 26. Rfc1 Nb4 27. Be1 $14 {Marin}
) 23... b6 24. Nc4 b5 (24... Nd7 $142 {Development is preferable, Black is
close to equality.}) 25. Bxd5 (25. axb5 $142 Bxb5 26. Ba5 $1 {/\} Bxc4 $6 27.
Bxd8 Bxd8 28. Rfc1 Bxd3 29. Rc8 Bb5 30. Rxd8+ Kg7 31. Rc1 $16 {[%csl Rb8][%cal
Rc1c8]}) 25... bxc4 26. Bxc4 Bxb2 27. Ra2 Bg7 28. Rc1 Be8 29. Nc5 Bf8 30. Bd3
Nc6 31. Be4 Rdc8 32. Kf1 Ra7 33. Nb3 Rac7 34. Rac2 {Nakamura,H (2814)-Anand,V 
(2816) Saint Louis 2015} Ba3 $1 35. Ra1 Bd6 $11) 15... Bxg2 16. Kxg2 Be7 $146 {
A novelty. Black wants to finish development without any concessions, but the
text move is rather passive. Other alternatives deserving full attention are:}
(16... Nbd7 17. Rc1 Nxe5 18. Rxc5 Ned7 19. Bxf6 (19. Rc1 h6 20. Bf4 e5 (20...
Rc8 $1 21. Nc4 b5 22. axb5 axb5 23. Nd6 Rxc1 24. Qxc1 Qb6 $132) 21. Be3 Ng4 22.
Qb3 Ndf6 23. Rfd1 Qd5+ 24. Qxd5 Nxe3+ 25. fxe3 Nxd5 26. Nc4 $36 {Aronian,L 
(2808)-Karjakin,S (2776) Monte Carlo rpd blindfold 2011}) 19... Nxf6 20. Qc2
Rc8 21. Rxc8 Qxc8 22. Rc1 Qd7 (22... Qxc2 $142 23. Rxc2 Rd8 $11) 23. Nf3 Rd8
24. Qb3 h6 25. Rc4 Qe7 26. e4 e5 27. Qc3 $14 {Meier,G (2654)-Hou,Y (2676)
Dortmund 2015}) (16... Bd4 $5 17. Ndf3 Bxb2 18. Rb1 Bxe5 19. Nxe5 Nc6 $6 (19...
h6 20. Qxd8 Rxd8 21. Bxf6 gxf6 22. Ng4 Kg7 23. Rxb7 Nc6 $132) (19... b5 $5 20.
Qxd8 Rxd8 21. axb5 axb5 22. Rxb5 Nbd7 23. Nc6 Re8 $11) 20. Bxf6 Qxd1 21. Rfxd1
gxf6 22. Nd7 Rfd8 23. Rxb7 f5 24. Rc1 Rac8 25. Rc5 $36 {Li,C (2686)-Xiu,D 
(2534) Xinghua 2013}) 17. Rc1 Nbd7 (17... h6 $143 18. Bxf6 $1 Bxf6 19. Ndf3 {
[%csl Rb8]} Nc6 20. Nxc6 bxc6 21. Rxc6 Qxd1 22. Rxd1 Bxb2 23. Rb1 $14 (23. Rd7
$14)) 18. Nxd7 (18. Nd3 Qa5 $11 {[%cal Ya8c8,Yf8d8]}) (18. Bxf6 gxf6 $5 (18...
Nxf6 19. Ndc4 Rc8 20. Qxd8 Rfxd8 21. Na5 $11 {/+/=}) 19. Nd3 Rc8 $132) 18...
Qxd7 19. Nf3 (19. Nc4 Qc7 $5 (19... Qc6+ 20. f3 Rfc8 21. Bxf6 gxf6 $11 {
should also hold}) 20. Bf4 Qc6+ 21. f3 Nd5 $11) 19... Qxd1 (19... Rfd8 20. Qxd7
Rxd7 21. Ne5 ({or} 21. Rc2 {is very similar to the game - almost equal, but
Black must still play accurately.})) 20. Rfxd1 Rfc8 21. Ne5 $11 {[%mdl 32] /+/
= White has a tiny edge due to his more active pieces - it may well evaporate
after good defence. His strategy will be to further improve his pieces, to
gain more space if allowed - and try to provoke further positonal concessions.}
h6 22. Bd2 Rd8 23. Nd3 Rdc8 (23... Rac8 24. Ba5 {forces a minor one, but
nevertheless a concession:} Re8 (24... Rxc1 25. Rxc1 {[%cal Gc1c8]} Rd7 26. Bb6
$14) 25. Ne5 $14) ({Komodo prefers} 23... Nd5 $5 {[%cal Yf7f5,Ya8c8] /\} 24. e4
Nf6 $132 {[%csl Re4][%cal Gd8d1]}) 24. f4 Kf8 $6 {This inconcrete move allows
White to gain some more space.} (24... Nd5 $142 25. Kf3 (25. e4 Nf6 26. Kf3
Rxc1 27. Rxc1 Rd8 $132) 25... f5 $1 $11) (24... Ne4 $5 25. Be3 f5 $132 {
[%cal Ye7f6,Yg8f7]}) 25. Kf3 $14 {[%cal Yg3g4,Yh2h4,Ye2e4] ()} Nd7 26. Be3 Ke8
(26... Bf6 27. a5 (27. b3 $5) 27... Bd8 28. b4 $14) (26... f5 27. g4 $5 $14)
27. Bd4 Bf6 (27... g5 28. e4 f6 $14 {is still quite solid, but Black's minor
pieces remain passive.}) 28. Bxf6 Nxf6 29. Ne5 {[%csl Ge5] The drawback of the
bishop swap is the dominant Ne5, which can be chased away only by a weakening
pawn move.} Ke7 30. e4 Rxc1 (30... b5 $6 31. a5 $16 {[%csl Ra6,Rc6]}) (30... g5
$5 $14 {is more active - if the timing is right, Black can consider opening
the g-file for his own counterplay.}) 31. Rxc1 Ne8 32. Nd3 a5 (32... g5 33.
fxg5 $5 hxg5 34. h4 $14) (32... Rd8 33. Ke3 Rd7 34. a5 $14) 33. Rc5 Kd6 $6 ({
Far more resilient was} 33... Rd8 $142 $1 34. Ke3 b6 35. Rc6 Rd6 36. Rc4 (36.
Rc8 Rd8 $14) 36... f6 $14) 34. Rc3 $1 {[%cal Yd3c5,Yc3b3] Keeps the king cut
off from the queenside and creates new threats.} ({Leko hardly could have
reckoned with the cooperative} 34. Rb5 $6 Kc7 $14 {[%cal Ye8d6,Yb7b6] /=})
34... Ra6 $6 {This doesn't help, but Black was already under serious pressure
and it's difficult to find a substantial improvement.} (34... Ke7 35. Rb3 Ra7
36. e5 $16) (34... b6 35. Ne5 $16) 35. e5+ Ke7 (35... Kd5 $2 36. Rc8 $18 {
[%csl Re8]}) 36. Nc5 Rb6 37. Rd3 $1 {[%csl Re8] Suddenly Black can't prevent
the penetration of White's R to the 7th rank, moreover his knight is
absolutely dominated.} Rxb2 38. Rd7+ Kf8 39. Nxb7 {[%cal Rb7d8,Rb7a5]} Rb3+ (
39... Rc2 40. Nxa5 Nc7 41. Rd8+ Ke7 42. Rd6 $16 {/+-}) 40. Kg4 Rb4 41. Nd8 $18
{The time-trouble is over, but Black's position is beyond salvation.} Kg8 42.
Re7 $1 f5+ (42... Kf8 43. Rxf7+ Kg8 44. Re7 Kf8 45. Ra7 $18) 43. Kh5 Kh7 ({
Desperation, but after} 43... Kf8 {Black is paralysed and White has more than
one way to win:} 44. Ra7 (44. Rxe6 Rxa4 45. Kg6 $18) 44... Rb6 45. Kg6 Kg8 46.
Nb7 $1 {[%cal Ra7a8,Rb7d6]} Nc7 (46... Kf8 47. Nc5 $18) 47. Nd6 Rc6 48. Nb5 Ne8
49. Ra8 $18) 44. Rxe8 Rb2 45. h3 $8 Rh2 46. Kh4 $8 {[%csl Re6] Again forced,
but fully sufficient - Black's mating dreams are busted and the extra material
counts.} 1-0

[Event "FRA-chT Top 12"]
[Site "Brest"]
[Date "2018.05.26"]
[Round "1"]
[White "Van Wely, Loek"]
[Black "Kryvoruchko, Yuriy"]
[Result "1/2-1/2"]
[WhiteElo "2667"]
[BlackElo "2705"]
[Annotator "Stohl,I"]
[PlyCount "48"]
[EventDate "2018.05.26"]
[EventType "team-tourn"]
[EventRounds "11"]
[EventCountry "FRA"]
[SourceTitle "EXT 2019"]
[Source "ChessBase"]
[SourceDate "2018.10.10"]
[SourceVersion "1"]
[SourceVersionDate "2018.10.10"]
[SourceQuality "1"]
[WhiteTeam "Clichy Echecs 92"]
[BlackTeam "Grasse Echecs"]
[WhiteTeamCountry "FRA"]
[BlackTeamCountry "FRA"]
[TimeControl "40/5400+30:1800+30"]

1. d4 {[%emt 0:00:00]} Nf6 {[%emt 0:00:05]} 2. c4 {[%emt 0:00:00]} e6 {[%emt 0:
00:08]} 3. g3 {[%emt 0:00:00]} d5 {[%emt 0:00:16]} 4. Nf3 {[%emt 0:00:00]} Be7
{[%emt 0:00:45]} 5. Bg2 {[%emt 0:00:04]} O-O {[%emt 0:00:05]} 6. O-O {[%emt 0:
00:08]} dxc4 {[%emt 0:00:06]} 7. Ne5 {[%emt 0:00:23]} Nc6 {[%emt 0:00:45]} 8.
Nxc6 {[%emt 0:00:06]} bxc6 {[%emt 0:00:03]} 9. Na3 {[%emt 0:00:08]} Bxa3 {
[%emt 0:00:46]} 10. bxa3 {[%emt 0:00:06]} Ba6 {[%emt 0:00:17]} 11. Qd2 {
[%emt 0:00:06]} Rb8 {[%emt 0:03:52]} 12. Qa5 {[%emt 0:03:48]} Qc8 {[%emt 0:02:
38]} 13. a4 {[%emt 0:19:48]} Rd8 {[%emt 0:00:04]} 14. Rd1 {[%emt 0:05:33]} c3
$146 {[%emt 0:08:03]} (14... e5 15. Qxe5 Re8 $11 (15... Nd5 $132)) (14... Nd5
15. Ba3 {Li,C (2751)-Harikrishna,P (2753) China Elite Mind blitz 2016 (14) 1-0}
) 15. Qxc3 {[%emt 0:04:17]} Bxe2 $11 {[%emt 0:00:53]} 16. Re1 {[%emt 0:17:30]}
Qa6 {[%emt 0:14:20]} 17. Bg5 {[%emt 0:09:05]} Qc4 {[%emt 0:12:31]} 18. Rac1 {
[%emt 0:04:02]} Qxc3 {[%emt 0:01:46]} 19. Rxc3 {[%emt 0:00:44]} Rb2 {[%emt 0:
02:49]} 20. Rxc6 {[%emt 0:06:49]} h6 {[%emt 0:14:19]} 21. Bxf6 {[%emt 0:02:04]}
gxf6 {[%emt 0:00:18]} 22. Rxc7 {[%emt 0:00:10]} a6 {[%emt 0:06:04]} 23. d5 {
[%emt 0:03:17]} exd5 {[%emt 0:00:53]} 24. Bf1 {[%emt 0:00:46]} Bxf1 {[%emt 0:
03:40]} 1/2-1/2

[Event "London Classic 7th"]
[Site "London"]
[Date "2015.12.10"]
[Round "6"]
[White "Nakamura, Hikaru"]
[Black "Aronian, Levon"]
[Result "1/2-1/2"]
[WhiteElo "2793"]
[BlackElo "2788"]
[Annotator "Sumets,A"]
[PlyCount "81"]
[EventDate "2015.12.04"]
[EventType "tourn"]
[EventRounds "9"]
[EventCountry "ENG"]
[EventCategory "22"]
[SourceTitle "CBM 170"]
[Source "ChessBase"]
[SourceDate "2016.01.15"]
[SourceVersion "1"]
[SourceVersionDate "2016.01.15"]
[SourceQuality "1"]

1. Nf3 d5 2. g3 Nf6 3. Bg2 e6 4. c4 Be7 5. d4 O-O 6. O-O dxc4 7. Qc2 a6 8. a4
Bd7 9. Qxc4 Bc6 10. Bg5 a5 (10... Bd5 {is the main line} 11. Qc2 Be4 12. Qc1 ({
White can repeat the position after} 12. Qc4 Bd5 13. Qc2 Be4) (12. Qd1 c5 13.
dxc5 Bxc5 14. Qxd8 Rxd8 15. Nbd2 Bc6 16. Nb3 Be7 17. Na5 h6 18. Be3 Nd5 19. Bd2
Nb6 20. Bf4 Nd5 $11 {Nakamura,H (2814)-Anand,V (2816) 1-0 (43) Saint Louis USA
2015}) 12... h6 13. Bxf6 Bxf6 14. Rd1 a5 15. Nbd2 Bh7 16. Nb3 c6 17. Qc3 Be7
18. Nc5 Qc7 19. Ne5 Na6 20. Nxb7 Qxb7 21. Bxc6 Qc7 {Probably Black should have
kept queens on the board.} (21... Qb8 22. Bxa8 Qxa8 23. Qxa5 Rb8) 22. Bxa8 Qxc3
23. bxc3 Rxa8 $14 {1-0 (58) Eljanov,P (2717)-Nakamura,H (2814) Baku AZE 2015})
11. Nc3 Ra6 12. e3 (12. Bxf6 {is a slightly weird continuation. Usually in the
Catalan White doesn't mind trading the dark-squared bishop but why did he
hurry to do so? I do not consider ...Ne4 to be a threat.} Bxf6 13. e3 Rb6 14.
Qe2 Bxf3 15. Bxf3 c5 $2 (15... c6 16. Rfd1 Nd7 17. Rac1 g6 18. Qc2 Qe7 {
with a very solid position}) 16. dxc5 Rb4 17. Rac1 ({White could have got a
big advantage after the computer's move} 17. Rfb1 $1 {the b2-pawn is
well-protected and White wants to trap the opponents's rook by means of Na2
and Qb5 or Qc2.} Nc6 18. Na2 Rxa4 19. Qb5 Ne5 $8 20. Be2 Qd7 21. f4 $18) 17...
Nd7 18. Rfd1 Qe7 19. Ne4 $6 (19. c6 bxc6 20. Bxc6 Nc5 21. Qc2 $16) 19... Bxb2
20. Rb1 {1/2 (20) Kunte,A (2568) -Barua,D (2494) Kolkata 2001}) ({I think that
the strongest continuation is} 12. Qd3 $5 Rb6 13. Qc2 {It is not clear what
should we recommend for Black.} Bxf3 14. Bxf3 Rb4 (14... Qxd4 $2 15. Be3 $18) (
14... Nc6 15. e3 Nb4 16. Qe2 $14 {this is a normal Catalan position with an
unusual black rook on b6.}) 15. Rfd1 c6 16. Be3 $5 {Now White prefers to keep
his bishop on the board.} Nd5 17. Bc1 Rb6 18. e4 Nb4 19. Qe2 Re8 20. Bg2 $16 {
Ruck, R (2535)-Moor,O (2377)1-0 (40) Zuerich 2005}) 12... Rb6 13. Qe2 Nbd7 (
13... Ne4 {A premature move. After natural moves such as} 14. Bxe7 Qxe7 15. Ne5
Nxc3 16. bxc3 {Black has got some problems.} Bxg2 17. Kxg2 Nd7 18. Nc4 Ra6 19.
Rab1 $14 {Kozul,Z (2595)-Brumen, D (2359) 1-0 (45) Rijeka 2010. In this game
the idea, connected with a5, Ra6, Rb6, became ridiculous.}) 14. Rfd1 Bxf3 $1 (
14... Ne4 15. Bxe7 Qxe7 16. Qc2 Nxc3 17. bxc3 Bd5 18. Rab1 $2 ({White could
have got a big advantage after 18 c4} 18. c4 Rc6 ({The continuation} 18... Bxf3
19. Bxf3 Rb4 20. c5 $16 {can't be very tempting for Black}) 19. c5 f5 20. Qd3
b6 21. Qb5 bxc5 22. Ne5 Nxe5 23. Bxd5 exd5 24. dxe5 Rb6 25. Qxa5 Qxe5 26. Qxc5
$16) 18... Rxb1 19. Rxb1 {1/2 (19) Salov,V (2665)-Granda Zuniga,J (2620) Wijk
aan Zee 1997}) 15. Bxf3 c6 16. Qc2 ({Unfortunately White can't play 16 e4} 16.
e4 $2 {due to} Nxe4 17. Bxe7 Nxc3 18. bxc3 Qxe7 $17) (16. Bxf6 $5 Nxf6 17. Rac1
Qd6 18. e4 $11 {White has no advantage but the position remains complicated.})
16... Ne8 $1 {Just in time. White is forced to trade bishops and Black's rook
on b6 becomes really strong.} 17. Bxe7 Qxe7 18. Na2 (18. Ne4 {White can get
control over the d-file after} Nef6 19. Nc5 Nxc5 20. dxc5 {but it doesn't
bring him an advantage.} Rb4 {Black has a comfortable position. I think White
should take a draw after} 21. Rd6 Ne8 22. Rd2 Nf6 (22... Nc7 $5 23. Kg2 (23.
Rd6 $2 Qf6 $17) 23... g6 24. h4 Rd8 25. Rad1 $11) 23. Rd6 $11 (23. Rad1 e5 24.
Rd6 Ne8 25. Rd7 Qe6 26. Kg2 Nf6 $11)) 18... Nef6 19. Qc3 Ra8 $11 20. Rd2 e5 {
Levon prefers to simplify the position. He could have continued 20...Nd5 or 20.
..h6.} (20... Nd5 21. Qc1 Rd8 $11) (20... h6 21. Rb1 e5 22. dxe5 Qxe5 23. Qc2
Nc5 $11) 21. dxe5 Qxe5 22. Rad1 Qxc3 23. Nxc3 Nf8 24. Be4 $6 {Intending to
play Bc2, b3 but what would he do if Black played 24...g6?} Nxe4 {This leads
to a draw.} (24... g6 $1 25. Bd3 (25. Bf3 $5) 25... Rb4 (25... Rd8 26. Bc4 Rxd2
27. Rxd2 Ne6 28. b3 $11) 26. Rb1 Rd8 27. b3 Ne6 28. Rdd1 Kf8 29. Bc4 Rxd1+ 30.
Rxd1 Ke7 $15 31. Na2 Rb6 32. b4 $5 Ng5 33. bxa5 $2 Rb2 $17) 25. Nxe4 Rb4 26.
Nc5 g6 27. Rc2 b6 28. Nd3 Rd8 $1 ({Of course Levon shouldn't play} 28... Rxa4
$2 29. Rxc6 b5 30. Rb6 b4 31. Rb5 Rd8 32. Kf1 Ra2 33. Ke2 $16 {Black's rook on
a2 is out of play and he needs to be very cautious. White's king is heading
for the queenside.}) 29. Rxc6 Ne6 $11 {Black goes for a draw by means of a
temporary pawn sacrifice .} 30. Kg2 (30. Kf1 Nc5 31. Nxb4 Rxd1+ 32. Ke2 Rb1 $11
) 30... Nc5 31. Nxb4 Rxd1 32. Rc8+ Kg7 33. Nc6 Nxa4 34. b3 Nb2 35. Ne5 (35. Rb8
Nd3 36. Rxb6 Rd2 $11) 35... Nd3 36. Nxd3 Rxd3 37. b4 $1 axb4 38. Rc6 b5 39. Rc5
Kf6 40. Rxb5 Rb3 41. g4 1/2-1/2